00988cam a2200229 450000500170000000800400001702000180005705000210007510000310009624000490012724502150017625000120039126000440040330000290044750000440047665000190052065000420053970000280058170000440060970000510065370000540070420230522115939.0221206b2016 mx |||| |||| 001 0 sp d a9786073237215 4aHG4011bG58 20161 aGitman, Lawrence J.eautor10aPrinciples of managerial finance lEspañol10aPrincipios de adminitración financierac / Lawrence J. Gitman, Chad J. Zutter ; traducción Óscar Madrigal Muñíz, María de Jesús Herrero Díaz ; revisión técnica José Antonio Morales Castro. a14a ed. aMéxico :bPearson Educación, c2016 a3 v. p. ;bil. ;c27 cm. aIncluye apéndice, glosario e índice 72lembaFinanzas 72lembaEmpresas comerciales financiera1 aZutter, Chad J. eautor1 aMadrigal Muñíz, Óscar etraductor1 aHerrero Díaz, María de Jesús etraductor1 aMorales Castro, José Antonioerevisor técnico